Geografia Rosji od A do Z - Statystyki

Ogólne statystyki
  • Ten quiz został rozwiązany 257 razy
  • Średni wynik to 18 z 23
Statystyki odpowiedzi
- Pytanie Odpowiedź % Poprawnych
G Z którego kraju, niegdyś wchodzącego w skład ZSRR pochodzi Stalin? Gruzja
95%
J Z którym krajem Rosja prowadzi spór terytorialny o Wyspy Kurylskie? Japonia
94%
L Jaką nazwę nosił Petersburg w czasach Związku Radzieckiego? Leningrad
93%
U Który łańcuch górski uważany jest za naturalną wschodnią granicę Europy? Ural
90%
W Jaką nazwę nosi przepływająca przez terytorium Rosji najdłuższa rzeka Europy? Wołga
90%
K Jaką nazwę nosi moskiewska twierdza będąca jednocześnie siedzibą prezydenta Federacji Rosyjskiej? Kreml
88%
C Jaką nazwę nosi separatystyczny region Rosji w którym doszło do dwóch konfliktów zbrojnych? Czeczenia
85%
M Uderzenie jakiego ciała niebieskiego w 2013 roku doświadczyli mieszkańcy Czelabińska? Meteor
85%
S W którym rosyjskim mieście w 2014 roku odbyły się Zimowe Igrzyska Olimpijskie? Soczi
83%
T Jaką nazwę nosi borealny las iglasty rozprzestrzeniający się między innymi przez Syberię i Kamczatkę? Tajga
82%
P Do jakiego kraju zmierzamy stojąc na przejściu granicznym w Bagrationowsku? Polska
80%
B Jaką nazwę nosi cieśnina pomiędzy Kamczatką a Alaską? Beringa
79%
F Jaką nazwę nosi zatoka nad którą położony jest Petersburg? Fińska
76%
I Jaką nazwę nosi miasto leżące u brzegów najgłębszego jeziora świata? Irkuck
74%
N Jaką nazwę nosi największe miasto na Syberii? Nowosybirsk
74%
E Jaką nazwę nosi najwyższy szczyt Rosji? Elbrus
73%
Ł Jaką nazwę nosi jezioro u granic Petersburga, będące największym europejskim jeziorem? Ładoga
71%
A Jaką nazwę nosi rzeka na pograniczu rosyjsko-chińskim, którego chińska nazwa tłumaczy się jako "Rzeka Czarnego Smoka"? Amur
63%
R Jaką nazwę nosi lezące tuż przy granicy ukraińskiej, dziesiąte co do wielkości miasto w Rosji? Rostów nad Donem
63%
O Które rosyjskie miasto od 18 listopada 1918 do 10 listopada 1919 było siedzibą antybolszewickiego rządu Białych? Omsk
58%
H Jaką nazwę nosił koczowniczy lud żyjący na południowych stepach dzisiejszej Rosji, który przyczynił się do wielkiej wędrówki ludów w Europie i upadku Cesarstwa Zachodniorzymskiego? Hunowie
56%
D Od nazwy której rosyjskiej rzeki wzięła nazwa najliczniejsza grupa Kozaków? Don
51%
Z Jaką nazwę nosi historyczna kraina na terenie Ukrainy z miastami takimi jak Donieck i Ługańsk na której działają rosyjscy separatyści? Zaporoże
51%
Nie znaleziono quizów pasujących do podanych kryteriów
Rozkład punktacji
Procent ludzi z każdym wynikiem
Percentyl według liczby udzielonych odpowiedzi
Twoja historia wyników
Nie rozwiązałeś tego quizu